Programación en Turbo Basic

Bewaard in:
Bibliografische gegevens
Hoofdauteurs: Mosher, Frederick E. (autor), Schneider, David I (Auteur)
Formaat: Boek
Taal:Spaans
Gepubliceerd in: Madrid Borland-Osborne McGraw-Hill 1988
Reeks:Programación
Onderwerpen:
Tags: Voeg label toe
Geen labels, Wees de eerste die dit record labelt!

MARC

LEADER 00000nam a2200000 a 4500
001 UCV6987
003 CL-VaPUC
008 891121e19880000SP |||||||||||||||||spa|d
082 0 4 |a 005.133  |b MOS  |2 21 
100 |a Mosher, Frederick E.  |e autor  |9 300970 
700 0 |a Schneider, David I  |e author  |9 300971 
245 1 0 |a Programación en Turbo Basic 
300 |a 391 p 
942 |c BK 
945 |d 19891121 00:00:00 
260 |a Madrid  |b Borland-Osborne McGraw-Hill  |c 1988 
650 7 |a TURBO BASIC  |2 CL-VaPUC  |9 263933 
650 0 |a Lenguajes de programación   |9 259458 
650 0 |a Programas de computadores   |9 260046 
650 7 |a COMPUTADORES ELECTRONICOS DIGITALES  |2 CL-VaPUC  |9 259415 
583 |a last modification  |c 19891121 00:00:00  |k Rodrigo Vera 
490 0 |a Programación 
999 |c 212754  |d 212752 
952 |0 0  |1 0  |4 0  |6 005_133000000000000_MOS_1988  |7 0  |8 F  |9 194323  |a BIBING  |b BIBING  |d 2019-11-14  |i 2625210  |o 005.133 MOS 1988  |p 2625210  |r 2025-01-20  |w 2019-11-14  |y BK_F  |k EIQ